000 00644nam a2200277Ia 4500
003 OSt
005 20220912152738.0
006 a|||||r|||| 00| 0
007 ta
008 220909b |||||||| |||| 00| 0 eng d
024 _a36660
037 _cTextual
040 _aCSL
_beng
_cCSL
041 _aeng
082 _aE3051g, K9
100 _aDetermann H
245 0 _aGel chromatography
250 _a2
260 _c1969
300 _ap.
_ccm.
650 _a Chromatography
650 _aChemistry
700 _a Gross E Tr.
942 _hE3051g, K9
_cTEXL
_2CC
999 _c90988
_d90988